Responses for Show #478 - Wednesday, October 8, 1986

Contestants

[<< previous game]

Janet DeLand, a research editor from Marina Del Rey, California

Bob Menaker, a journalist from Alexandria, Virginia

Carl Brady, a U.S. Navy flight officer originally from Pittsburgh, Pennsylvania (whose 4-day cash winnings total $24,900)

[next game >>]

Jeopardy! Round responses

1971
FOOD
SESAME STREET
DENMARK
OLD WEST
ENDS WITH "X"
    $100 26
Chinese

Bob
    $100 4
eggplant

Carl
    $100 13
Bert

Janet
    $100 19
a tree must be planted

Janet
    $100 7
the (California) Gold Rush

Bob
    $100 1
lox

Janet
    $400 27
[Audio] (Busted flat in Baton Rouge, headin' for the train)

Janis Joplin

Bob
    $200 5
eclair

Janet
    $200 14
20

Triple Stumper
    $200 20
Iceland

Carl
    $200 8
wagon train

Bob
    $200 2
pillbox

Triple Stumper
    $300 28
[The end-of-round signal sounds.]

golf

Bob
    $300 6
chicory

Bob
    $300 15
Children's Television Workshop

Janet
    $300 21
(Janet: What are cows?)
(Bob: What are reindeer?)

sheep

BobJanet
Triple Stumper
    $300 9
Pony Express

Janet
    $300 3
tax

Triple Stumper
    $400 11
(Carl: What is?

bulb

CarlJanet
    $400 16
(Alex: Will Lee was the actor's name and he portrayed [*].)

Mr. Hooper

Triple Stumper
    $400 22
Victor Borge

Carl
    $400 10
John C. Fremont

Triple Stumper
    $400 24
Felix the Cat

Bob
    $500 12
(Carl: What is Switzerland?)

France

Carl
Triple Stumper
    $500 17
Laugh-In

Bob
    $500 23
Christian

Janet
    $500 18
pemmican

Carl
    $500 25
climax

Janet

Scores at the first commercial break (after clue 12):

Carl Bob Janet
-$800 $600 $1,000

Scores at the end of the Jeopardy! Round:

Carl Bob Janet
$300 $2,000 $2,200

Double Jeopardy! Round responses

BUSINESS & INDUSTRY
WORD ORIGINS
HYPHENATED WARS
SHAKESPEARE
SISTERS
SANTA CLAUS
    $200 15
Otis

Bob
    $200 3
(Carl: What is ante?)
(Bob: What is jacks are wild?)

jackpot

CarlBob
Triple Stumper
    $200 1
(Carl: What is the Seven-Day War?)

Six-Day War

CarlBob
    $200 26
Duncan

Triple Stumper
    $200 8
basketball

Bob
    $200 21
St. Nicholas

Janet
    $400 17
Kodak

Janet
    $400 4
(Carl: What is gargoyle?)

grotesque

CarlJanet
    $400 2
Spanish-American War

Janet
    $400 27
Twelfth Night

Janet
    $400 9
Barbra Streisand

Bob
    $400 22
(Carl: What is a [*]?)
(Alex: Be more specific.)

white horse

Carl
    $600 18
Pan Am

Carl
    $600 5
smoke

Janet
    $600 13
Iran-Iraq War

Bob
    $200 28
(Janet: Who is Horatio? I don't know.)
...
[The end-of-round signal sounds.]

Claudius, Gertrude, Polonius, Rosencrantz, Guildenstern and Ophelia

Janet
    $600 10
Dear Abby and Ann Landers

Bob
    $1,000 23
(Carl: Who are Donner, Dancer...?)

Donner, Dancer and Dasher

Carl
    $800 19
Kraft

Bob
    $800 6
mascot

Triple Stumper
    $800 14
(Bob: Uh, what was the Franco-Russian War?)

Franco-Prussian War

BobJanet
    $800 11
Rosemary Clooney or Vera-Ellen

Triple Stumper
    $800 24
bow

Janet
    $1000 20
Steven Jobs and Steve Wozniak

Triple Stumper
    $1000 7
(Janet: What is puffery?)

claptrap

Janet
Triple Stumper
    $1000 16
Russo-Japanese War

Bob
    $1000 12
(Bob: Who are the Andrews Sisters?)
(Carl: Who are the Lennon Sisters?)

McGuire Sisters

CarlBob
Triple Stumper
    $1000 25
Nast

Bob

Scores at the end of the Double Jeopardy! Round:

Carl Bob Janet
-$1,500 $5,000 $5,000

[wagering suggestions for these scores]

Final Jeopardy! Round responses

REPUBLICANS
BobWho was Hoover?
$4,000
JanetWho is Eisenhower
$100
Herbert Hoover

Final scores:

Carl Bob Janet
-$1,500 $9,000 $4,900
3rd place: Action recliners by Lane New champion: $9,000 2nd place: Roper grill range + Zenith 9" TV

Game dynamics:

Coryat scores:

Carl Bob Janet
-$500 $4,800 $5,200
6 R,
7 W
(including 1 DD)
17 R
(including 1 DD),
4 W
17 R,
3 W
(including 1 DD)

Combined Coryat: $9,500

[game clues] [game scores] [suggest correction]

Game tape date: 1986-08-19
The J! Archive is created by fans, for fans. Scraping, republication, monetization, and malicious use prohibited; this site may use cookies and collect identifying information. See terms. The Jeopardy! game show and all elements thereof, including but not limited to copyright and trademark thereto, are the property of Jeopardy Productions, Inc. and are protected under law. This website is not affiliated with, sponsored by, or operated by Jeopardy Productions, Inc. Join the discussion at JBoard.tv.